| 000 | 01130nam a2200229Ia 4500 | ||
|---|---|---|---|
| 003 | Ost | ||
| 005 | 20260507075102.0 | ||
| 008 | 260507s9999||||xx |||||||||||||| ||und|| | ||
| 020 | _a2110329957 | ||
| 040 | _cfsecg | ||
| 041 | _aara | ||
| 082 | _a658 | ||
| 100 |
_aالنجار، فايز جمعة صالح _eمؤلف |
||
| 245 | 0 |
_aالريادة وادارة الاعمال الصغيرة / _c فايز جمعة صالح النجار |
|
| 260 |
_aعمان: _bدار حامد للنشر و التوزيع, _c2006 |
||
| 300 |
_a350 صفحة؛ _bإيضاحات ؛ _c25 سم |
||
| 504 | _aبيبليوغرافيا : ص.345 | ||
| 520 | _aيحتوي الكتاب على المحاور التالية:الريادة،الريادة الدولية،نظرة عامة إلى الأعمال الصغيرة،تأسيس الأعمال الصغيرة،موقع المشروع الصغير،إدارة المشترات و المخزون في المشروعات الصغيرة،المراجع. | ||
| 653 | _aادارة الاعمال | ||
| 700 |
_aمحمد العلي، عبد الستار _eمؤلف ثانوي |
||
| 942 | _cكتاب | ||
| 999 |
_c42806 _d42806 |
||